Pick the Correct Spelling Quiz Stats

Quiz Updated Sep 9, 2016

Challenge
Share
Tweet
Embed
Score 0/20 Timer 04:00
2 Plays Today
Question Answer Wrong Answers
Sport croquet
95.2%
croqait
0.6%
crokait
0.5%
crokuet
0.4%
Color turquoise
88.9%
turcuoise
0.3%
turcoise
0.4%
turqoise
7.2%
Phobia xenophobia
88.4%
zenophobia
4.7%
zennophobia
0.8%
xennophobia
2.6%
US State Massachusetts
87.1%
Masachusets
0.5%
Masachusetts
4.8%
Massachusets
4.2%
Mythological Figure Medusa
83.7%
Meddussa
1.1%
Meddusa
2.8%
Medussa
9%
Roman General Julius Caesar
82.6%
Julius Ceasar
10.7%
Julius Cesaer
2.7%
Julius Ceser
0.7%
Scientist Galileo Galilei
74%
Galaleo Galalei
2.8%
Galaleo Galilei
5.2%
Galileo Galalei
14.6%
Band Led Zeppelin
73.6%
Led Zepplin
16%
Led Zeplin
3.3%
Led Zepelin
3.7%
Human Bone coccyx
70.8%
cocyx
19.5%
coccix
3.9%
cocix
2.5%
Pasta fettuccine
59.8%
fetucine
2.8%
fettucinne
11.6%
fetuccine
22.3%
Dinosaur Tyrannosaurus rex
59.5%
Tyranosaurus rex
18.7%
Tyrannosarus rex
13%
Tyranasaurus rex
5.4%
Country Kyrgyzstan
59%
Kyrgyztan
6.7%
Krgyzstan
7.3%
Krygyzstan
23.4%
Actor Jake Gyllenhaal
57.6%
Jake Gylenhaal
7.6%
Jake Gylenhal
4.3%
Jake Gyllenhal
27%
Battle Battle of Thermopylae
57.6%
Battle of Thermopalae
21.6%
Battle of Thermopaley
5.1%
Battle of Thermoplae
11.8%
Wonder of the Ancient World Mausoleum at Halicarnassus
55.3%
Masoleum at Halicarnassus
12.4%
Masoleum at Halicarnasus
10.2%
Mausoleum at Halicarassus
18.2%
Star Wars Character Jabba the Hutt
54.9%
Jabba the Hut
29%
Jaba the Hutt
8.2%
Jaba the Hut
4.4%
Car Brand Maserati
48.7%
Masserati
14.4%
Masseratti
11.1%
Maseratti
22.4%
Pokémon Rattata
37.6%
Ratata
16.1%
Rattatta
16.9%
Ratatta
25.5%
Capital City Sri Jayawardenepura Kotte
30.9%
Sri Jayawardenepura Kote
21.8%
Sri Jawardenepura Kotte
22%
Sri Jawardenepura Kote
21.1%
Element meitnerium
29.2%
mietnerium
13.2%
meiterium
22.2%
meiternium
31.4%

You're not logged in!

Compare scores with friends on all Sporcle quizzes.
Join for Free
OR
Log In

You Might Also Like...

Show Comments

Extras

Top Quizzes Today


Score Distribution

Your Account Isn't Verified!

In order to create a playlist on Sporcle, you need to verify the email address you used during registration. Go to your Sporcle Settings to finish the process.

Report this User

Report this user for behavior that violates our Community Guidelines.

Details: